| 000 | 00336nam a2200133Ia 4500 | ||
|---|---|---|---|
| 005 | 20260326100048.0 | ||
| 008 | 260326s9999||||xx |||||||||||||| ||und|| | ||
| 100 | _aRiley, Terence | ||
| 245 | 0 |
_aLight contruction / _cTerence Riley |
|
| 260 | _bThe Museum of Modern Art | ||
| 300 | _a163 p. | ||
| 650 | _aARQUITECTURA CIVIL | ||
| 942 | _cBK | ||
| 999 |
_c7266 _d7266 |
||